COGNITIVE BEHAVIOUR THERAPY (Record no. 16206)

MARC details
000 -LEADER
fixed length control field 00310nam a22001457a 4500
003 - CONTROL NUMBER IDENTIFIER
control field SGT
020 ## - INTERNATIONAL STANDARD BOOK NUMBER
International Standard Book Number 978-1-84920-565-8
082 ## - DEWEY DECIMAL CLASSIFICATION NUMBER
Classification number 616.89
Item number C13W
100 ## - MAIN ENTRY--PERSONAL NAME
Personal name WILLS, FRANK
245 ## - TITLE STATEMENT
Title COGNITIVE BEHAVIOUR THERAPY
250 ## - EDITION STATEMENT
Edition statement 3RD
260 ## - PUBLICATION, DISTRIBUTION, ETC. (IMPRINT)
Place of publication, distribution, etc ANGELES
Name of publisher, distributor, etc SAGE
Year of Publication 2013
300 ## - PAGE DESCRIPTION
No. of Pages 343
942 ## - ADDED ENTRY ELEMENTS (KOHA)
Source of classification or shelving scheme Dewey Decimal Classification
Koha item type Books
Holdings
Withdrawn status Lost status Source of classification or shelving scheme Damaged status Not for loan Collection code Home library Current library Shelving location Date acquired Vendor Name Cost, normal purchase price SGTU Bill Number Total Checkouts Full call number Accession No. (Barcode) Date last seen Bill Date Koha item type
    Dewey Decimal Classification   Not For Loan MEDICAL SGT Medical Library SGT Medical Library Reference Book 04/12/2018 ABC 2610.00 SGTU 10096   616.89 C13W FM10994 04/12/2018 04/09/2018 Books